1603 1818 1468 1640 1823 1526 1698 1025 1840 1630 1493 1602 1300 1836 1365 1768 1777 1051 1325 1258 1509 1666 1704 1406 1455 1451 1256 1097 1373 1549 1017 1706 1904 1038 1448 1376 1079 1164 1733 1328 1605 1135 1832 1418 1166 1944 1285 1978 1407 1416 1313 1813 1834 1176 1547 1755 1283 1013 1123 1319 1399 1474 1912 1872 1468 1174 1081 1173 1964 1482 1854 1663 1126 1251 1109 1540 1833 1192 1466 1063 1353 1715 1224 1349 1237 1699 1067 1227 1039 1445 1048 1657 1999 1626 1915 1398 1926 1701 1000 BCNSPRNW ULIB Ver.6.0+V

เปลี่ยนเป็นภาษาไทย

Change to English
 แสดงรายละเอียดบรรณานุกรม
  กลับหน้าหลัก

Brief Record : Get Marc (ISO 2709) : E-mail record : QR code < ปิดหน้าต่าง
LEADER : 00000nam 2200000uu 4500
001    13399109824
003     ULIB
008    110412s2553||||th 000 0 tha d
020    9789742979126
060 04 WC515^bด428ค 2553
245 00 คู่มือการปฏิบัติงานป้องกันควบคุมโรคไข้หวัดใหญ่สายพันธุ์ใหม่ (H1N1) 2009 สำหรับบุคลากรด้านการแพทย์และสาธารณสุข /^cจัดทำโดยคณะทำงานจัดทำคู่มือการปฏิบัติงานป้องกันควบคุมโรคไข้หวัดใหญ่สายพันธุ์ใหม่ (H1N1) 2009 สำหรับบุคลากรด้านการแพทย์และสาธารณสุข กระทรวงสาธารณสุข ; กองบรรณาธิการ, ดาริกา กิ่งเนตร, วรยา เหลืองอ่อน, อัจฉรา วรารักษ์
250    พิมพ์ครั้งที่ 1
260    [นนทบุรี] :^bสำนักโรคติดต่ออุบัติใหม่ กรมควบคุมโรคกระทรวงสาธารณสุข,^c2553
300    ก-ญ, 224 หน้า :^bภาพประกอบ ;^c30 ซม. +^eซีดี-รอม 1 แผ่น
650  7 ไข้หวัดใหญ่สายพันธุ์ใหม่ 2009^xการป้องกันและควบคุม^xคู่มือ
650  7 ไข้หวัดใหญ่สายพันธุ์ใหม่ 2009^xการรักษา^xคู่มือ
650  7 บุคลากรทางการแพทย์
650  7 บุคลากรสาธารณสุข
700 0  ดาริกา กิ่งเนตร,^eบรรณาธิการ
700 0  วรยา เหลืองอ่อน,^eบรรณาธิการ
700 0  อัจฉรา วรารักษ์,^eบรรณาธิการ
710 2  กระทรวงสาธารณสุข. ^bกรมควบคุมโรค.^bสำนักโรคติดต่ออุบัติใหม่
945    ^p0^l0^i027565
945    ^p0^l0^i027563
945    ^p0^l0^i027566
945    ^p0^l0^i027564
945    ^p0^l0^i027562
995    ทศพร
999 ^a ใช้งานได้ทุกระบบ
รายการนี้ยังไม่มีแท็ก
คุณยังไม่ได้ล็อกอิน คุณสามารถมีกิจกรรมร่วมกับเว็บไซต์ได้ แต่ต้องล็อกอินก่อน ::
  ล็อกอิน

รายการสื่อสารสนเทศ

ลำดับที่ ประเภท เลขเรียก/บาร์โค้ด สถานที่ สถานะ
1. วิทยาศาสตร์การแพทย์ และสุขภาพ
หนังสือสำรอง
สถานะ=หนังสือสำรอง
WC515 ด428ค 2553 ฉ.1 
  Barcode: 027562
ห้องสมุดวิทยาเขตสวรรค์ประชารักษ์
►ส่วนจัดเก็บหนังสือเก่า สปร
บนชั้น
  ขอยืม
2. วิทยาศาสตร์การแพทย์ และสุขภาพ
วิทยาศาสตร์การแพทย์ และสุขภาพ
WC515 ด428ค 2553 ฉ.2 
  Barcode: 027563
ห้องสมุดวิทยาเขตสวรรค์ประชารักษ์
►ส่วนจัดเก็บหนังสือเก่า สปร
บนชั้น
  ขอยืม
3. วิทยาศาสตร์การแพทย์ และสุขภาพ
วิทยาศาสตร์การแพทย์ และสุขภาพ
WC515 ด428ค 2553 ฉ.3 
  Barcode: 027564
ห้องสมุดวิทยาเขตสวรรค์ประชารักษ์
►ส่วนจัดเก็บหนังสือเก่า สปร
บนชั้น
  ขอยืม
4. วิทยาศาสตร์การแพทย์ และสุขภาพ
วิทยาศาสตร์การแพทย์ และสุขภาพ
WC515 ด428ค 2553 ฉ.4 
  Barcode: 027565
ห้องสมุดวิทยาเขตสวรรค์ประชารักษ์
►ส่วนจัดเก็บหนังสือเก่า สปร
บนชั้น
  ขอยืม
5. วิทยาศาสตร์การแพทย์ และสุขภาพ
วิทยาศาสตร์การแพทย์ และสุขภาพ
WC515 ด428ค 2553 ฉ.5 
  Barcode: 027566
ห้องสมุดวิทยาเขตสวรรค์ประชารักษ์
►ส่วนจัดเก็บหนังสือเก่า สปร
บนชั้น
  ขอยืม

รายการใกล้เคียง
    หัวเรื่อง [บุคลากรทางการแพทย์]
    หัวเรื่อง [บุคลากรสาธารณสุข]

BibComment


ยังไม่เคยถูกคอมเมนท์

คอมเมนท์ทรัพยากรรายการนี้
  คอมเมนท์: คู่มือการปฏิบัติง..


 Copyright 2026. Bcnsprnw @Library